| 000 | 00477nam a2200157 4500 | ||
|---|---|---|---|
| 082 | _aBSCS-2 TAR | ||
| 100 | _aFAIZA TAHIR | ||
| 245 | _aAEGIS: APP TO ASSIST HEART FAILURE PATIENTS | ||
| 260 |
_aISLAMABAD _bNUST-SEECS _c2016 |
||
| 300 |
_a70p. _eCD INCLUDES |
||
| 563 | _aHB | ||
| 856 | _uhttp://10.250.8.41:8080/xmlui/handle/123456789/7876 | ||
| 942 |
_2ddc _cTHE |
||
| 999 |
_c173077 _d173077 |
||